[Event "World Rapid 2025"]
[Site "Doha QAT"]
[Date "2025.12.28"]
[Round "11.57"]
[White "Uskov, Artem"]
[Black "Bortnyk, Olexandr"]
[Result "1-0"]
[WhiteTitle "GM"]
[BlackTitle "GM"]
[WhiteElo "2516"]
[BlackElo "2601"]
[WhiteFideId "34254854"]
[BlackFideId "14120828"]
[EventDate "2025.12.26"]

1. e4 Nf6 2. e5 Nd5 3. c4 Nb6 4. d4 d6 5. f4 dxe5 6. fxe5 Bf5 7. Nf3 e6 8. Nc3
Nc6 9. Be3 Be7 10. Be2 O-O 11. O-O f6 12. exf6 Bxf6 13. Qd2 Qe8 14. Bg5 Bxg5 15.
Qxg5 Rd8 16. Rad1 Qg6 17. Qe3 Bg4 18. b3 Qh6 19. Qxh6 gxh6 20. h3 Bxf3 21. Bxf3
Nxd4 22. Bxb7 c5 23. Rfe1 Rf7 24. Be4 Nd7 25. Bb1 e5 26. Re3 Rdf8 27. Be4 Kh8
28. Bd3 Rf2 29. Be2 h5 30. Rd2 h4 31. Ne4 R2f4 32. Bg4 R8f7 33. Kh2 Re7 34. Bxd7
Rxd7 35. Rb2 Rf1 36. Nxc5 Rd8 37. Ne4 Rc1 38. Rd2 h6 39. g3 Rf8 40. Rf2 Rxf2+
41. Nxf2 Nf5 42. Rxe5 hxg3+ 43. Kg2 Nd4 44. Kxg3 Rc3+ 45. Kf4 Rc2 46. Ke3 Nc6
47. Re6 Nb4 48. a3 Na2 49. Ne4 Nc1 50. Re7 a5 51. c5 Kg8 52. b4 Nb3 53. Kd3 Rc1
54. Nc3 axb4 55. axb4 Rh1 56. Re3 Rh2 57. c6 Kg7 58. c7 1-0

[Event "World Rapid 2025"]
[Site "Doha QAT"]
[Date "2025.12.28"]
[Round "11.58"]
[White "Martinez Alcantara, Jose Eduardo"]
[Black "Lobanov, Sergei"]
[Result "1/2-1/2"]
[WhiteTitle "GM"]
[BlackTitle "GM"]
[WhiteElo "2667"]
[BlackElo "2527"]
[WhiteFideId "3805662"]
[BlackFideId "24183750"]
[EventDate "2025.12.26"]

1. e4 e5 2. Nf3 Nc6 3. Bb5 a6 4. Ba4 Nf6 5. d3 b5 6. Bb3 Bc5 7. c3 d6 8. Bg5 h6
9. Bh4 Rb8 10. Nbd2 Bb6 11. Qe2 Na5 12. Bc2 g5 13. Bg3 Nh5 14. b4 Nc6 15. Bb3
Nxg3 16. hxg3 g4 17. Nh4 Qg5 18. Nf1 a5 19. a3 Ne7 20. Ne3 h5 21. Rd1 axb4 22.
axb4 Be6 23. Bxe6 fxe6 24. d4 O-O 25. O-O Ng6 26. Nxg6 Qxg6 27. dxe5 dxe5 28. c4
bxc4 29. Nxc4 Bd4 30. Na5 Rb6 31. Nb3 Rxb4 32. Nxd4 Rxd4 33. Rxd4 exd4 34. Qc2
h4 35. gxh4 g3 36. Qxc7 gxf2+ 37. Rxf2 Rxf2 38. Kxf2 Qxe4 39. Qd8+ Kf7 40. Qd7+
Kf6 41. Qd8+ Kf7 42. Qd7+ Kf6 43. Qd8+ 1/2-1/2

[Event "World Rapid 2025"]
[Site "Doha QAT"]
[Date "2025.12.28"]
[Round "11.59"]
[White "Keymer, Vincent"]
[Black "Saraci, Nderim"]
[Result "1-0"]
[WhiteTitle "GM"]
[BlackTitle "IM"]
[WhiteElo "2776"]
[BlackElo "2461"]
[WhiteFideId "12940690"]
[BlackFideId "6351921"]
[EventDate "2025.12.26"]

1. c4 Nf6 2. Nf3 e6 3. b3 d5 4. Bb2 Be7 5. g3 O-O 6. Bg2 c5 7. O-O Nc6 8. e3 b6
9. Qe2 Bb7 10. d3 Qc7 11. Nc3 Rad8 12. Rac1 Qb8 13. a3 Rfe8 14. h3 h6 15. Nb1
Nd7 16. Rfd1 dxc4 17. bxc4 Bf6 18. Nc3 Nce5 19. Ne1 Bxg2 20. Kxg2 Nc6 21. f4 a6
22. Rb1 Qa8 23. Kh2 Rb8 24. Ne4 Bxb2 25. Rxb2 Ne7 26. g4 Qc6 27. g5 e5 28. Qg4
f5 29. gxf6 Nxf6 30. Nxf6+ Qxf6 31. Rf2 exf4 32. Rxf4 Qd6 33. Qg3 Ng6 34. Rg4
Qxg3+ 35. Rxg3 Ne5 36. Ng2 b5 37. cxb5 axb5 38. Nf4 Kh7 39. h4 Ra8 40. d4 Nc4
41. Rdg1 Ra7 42. Nh5 Ree7 43. dxc5 Rac7 44. c6 Nxa3 45. Rxg7+ Rxg7 46. Rxg7+
Rxg7 47. Nxg7 Nc4 48. Nf5 b4 1-0

[Event "World Rapid 2025"]
[Site "Doha QAT"]
[Date "2025.12.28"]
[Round "11.60"]
[White "Iniyan, Pa"]
[Black "Grandelius, Nils"]
[Result "1/2-1/2"]
[WhiteTitle "GM"]
[BlackTitle "GM"]
[WhiteElo "2598"]
[BlackElo "2664"]
[WhiteFideId "25002767"]
[BlackFideId "1710400"]
[EventDate "2025.12.26"]

1. d4 d5 2. c4 e6 3. Nc3 a6 4. e3 Nf6 5. Nf3 Nbd7 6. a3 dxc4 7. Bxc4 c5 8. dxc5
Bxc5 9. O-O Qc7 10. Qe2 b5 11. Ba2 Bb7 12. e4 O-O 13. Bg5 h6 14. Bh4 Qf4 15. Bg3
Qg4 16. Rfd1 Rfd8 17. Bc7 Rdc8 18. h3 Qh5 19. Bh2 Nf8 20. Rd3 Ng6 21. e5 Nh7 22.
Ne4 Ng5 23. Nexg5 hxg5 24. Qd2 Be4 25. Rc3 Be7 26. Nd4 Rxc3 27. Qxc3 Rd8 28. Re1
Ba8 29. Bb3 Qh4 30. Nc6 Rc8 31. Nxe7+ Nxe7 32. Qd2 Nf5 33. Bc2 Nd4 34. Bd1 Nf5
35. Bg4 Qh6 36. Qd7 Rf8 37. Rc1 Nh4 38. Rc8 g6 39. Bg3 Bd5 40. f3 Nf5 41. Bf2
Rxc8 42. Qxc8+ Qf8 43. Qxa6 Qb8 44. Qb6 Qxe5 45. Qxb5 Nd4 46. Qd3 Ne2+ 47. Kf1
Nf4 48. Qc2 Bb7 49. g3 Ba6+ 50. Kg1 Nd3 51. h4 gxh4 52. gxh4 Nxb2 53. Qc6 Qb5
54. Qxb5 Bxb5 55. f4 Na4 1/2-1/2

[Event "World Rapid 2025"]
[Site "Doha QAT"]
[Date "2025.12.28"]
[Round "11.61"]
[White "Mitrabha, Guha"]
[Black "Salem, A.R. Saleh"]
[Result "1-0"]
[WhiteTitle "GM"]
[BlackTitle "GM"]
[WhiteElo "2508"]
[BlackElo "2635"]
[WhiteFideId "5057000"]
[BlackFideId "9301348"]
[EventDate "2025.12.26"]

1. Nf3 c5 2. g3 g6 3. Bg2 Bg7 4. O-O Nc6 5. c4 e6 6. Nc3 Nge7 7. e3 d5 8. cxd5
Nxd5 9. d4 cxd4 10. Nxd4 Nxd4 11. exd4 O-O 12. Qb3 Bxd4 13. Bh6 Bg7 14. Bxg7
Kxg7 15. Rfd1 Qb6 16. Bxd5 exd5 17. Qxb6 axb6 18. Rxd5 Ra5 19. Rd6 Bg4 20. Re1
Bf3 21. Rxb6 Rd8 22. Re3 Rf5 23. Rb4 g5 24. Kf1 Rd2 25. Ke1 Rc2 26. Ne2 g4 27.
Nd4 Rc1+ 28. Kd2 Rd1+ 29. Kc2 Rc5+ 30. Rc3 Rxc3+ 31. Kxc3 Be4 32. Ne6+ fxe6 33.
Rxe4 h5 34. Rxe6 Rf1 35. Re2 Kf6 36. Kd4 Rh1 37. Ke3 Rxh2 38. Re1 Ke5 39. Rc1
Kd6 40. a3 Rh3 41. b4 b6 42. a4 Ke5 43. a5 h4 44. axb6 hxg3 45. f4+ 1-0

[Event "World Rapid 2025"]
[Site "Doha QAT"]
[Date "2025.12.28"]
[Round "11.62"]
[White "Begmuratov, Khumoyun"]
[Black "Pranav, V"]
[Result "1-0"]
[WhiteTitle "IM"]
[BlackTitle "GM"]
[WhiteElo "2451"]
[BlackElo "2641"]
[WhiteFideId "14210207"]
[BlackFideId "25060783"]
[EventDate "2025.12.26"]

1. e4 e5 2. Nf3 Nc6 3. Bc4 Nf6 4. d3 h6 5. a4 d6 6. c3 g6 7. O-O Bg7 8. Re1 O-O
9. b4 a6 10. Nbd2 Re8 11. Qb3 Be6 12. Bxe6 Rxe6 13. Bb2 b5 14. Nf1 bxa4 15. Rxa4
d5 16. Ng3 Rb8 17. exd5 Nxd5 18. Ne4 Bf8 19. Qc2 Nf4 20. Rd1 f5 21. Ng3 Qd5 22.
Bc1 Rbe8 23. h4 Kh7 24. d4 Qc4 25. h5 Nd5 26. hxg6+ Rxg6 27. Nh4 Rf6 28. Nhxf5
Ncxb4 29. Rxb4 Nxb4 30. Qe4 Qd5 31. Qh4 Rg6 32. cxb4 e4 33. Bf4 c6 34. Ne3 Qb3
35. Be5 Qxb4 36. Qxe4 Bg7 37. Qc2 Bxe5 38. dxe5 Rxe5 39. Ngf5 Qe4 40. Rd7+ Kh8
41. Qb2 Kg8 42. Qb8+ Re8 43. Qb7 Rxg2+ 44. Nxg2 Qxf5 45. Qxc6 Qb1+ 46. Kh2 Qf5
47. Qc4+ Kf8 48. Qb4+ Kg8 49. Qb3+ Kf8 50. Qa3+ Kg8 51. Qg3+ Qg5 52. Qb3+ Kh8
53. Qf7 1-0

[Event "World Rapid 2025"]
[Site "Doha QAT"]
[Date "2025.12.28"]
[Round "11.63"]
[White "Najer, Evgeniy"]
[Black "Gokerkan, Cem Kaan"]
[Result "1-0"]
[WhiteTitle "GM"]
[BlackTitle "GM"]
[WhiteElo "2619"]
[BlackElo "2510"]
[WhiteFideId "4118987"]
[BlackFideId "6336760"]
[EventDate "2025.12.26"]

1. e4 c5 2. Nf3 e6 3. d4 cxd4 4. Qxd4 Nc6 5. Qe3 Nf6 6. Nc3 Bb4 7. Bd2 O-O 8. a3
Ba5 9. e5 Ng4 10. Qf4 f5 11. h3 Nh6 12. O-O-O a6 13. Nd4 Nxd4 14. Qxd4 Bb6 15.
Qf4 Nf7 16. Qg3 Bc7 17. f4 b5 18. Be2 d6 19. Be3 Qe7 20. exd6 Bxd6 21. Rhe1 Bb7
22. Bh5 Rac8 23. Kb1 Bc5 24. Bxc5 Rxc5 25. Qe3 Bxg2 26. Qxe6 Qxe6 27. Rxe6 Bxh3
28. Rd7 g6 29. Bf3 Bf1 30. Nd5 Bc4 31. b3 Bxd5 32. Bxd5 Kg7 33. Rxa6 h5 34. Be6
h4 35. Raa7 h3 36. Bxf7 Kh6 37. Rd3 Kh5 38. Rxh3+ Kg4 39. Rh1 Rc6 40. Bxg6 Rxg6
41. Rg1+ Kh5 42. Rh7+ Rh6 43. Rg5+ 1-0

[Event "World Rapid 2025"]
[Site "Doha QAT"]
[Date "2025.12.28"]
[Round "11.64"]
[White "Galaviz Medina, Sion Radamantys"]
[Black "Yilmaz, Mustafa"]
[Result "1-0"]
[WhiteTitle "IM"]
[BlackTitle "GM"]
[WhiteElo "2514"]
[BlackElo "2595"]
[WhiteFideId "5123119"]
[BlackFideId "6302718"]
[EventDate "2025.12.26"]

1. d4 Nf6 2. c4 e6 3. Nc3 d5 4. cxd5 exd5 5. Bg5 c6 6. e3 h6 7. Bh4 Be7 8. Bd3
O-O 9. Nge2 Nbd7 10. O-O Re8 11. f3 b5 12. Rc1 a5 13. Bf2 Nb6 14. Ng3 Nc4 15.
Qc2 h5 16. h3 h4 17. Nf5 Bxf5 18. Bxf5 Nh5 19. b3 Nd6 20. Bd3 Bg5 21. Rfe1 Qf6
22. Nb1 Rac8 23. Nd2 Qh6 24. f4 Be7 25. Nf3 Ng3 26. Bxg3 hxg3 27. Ne5 Bf8 28.
Qe2 Ne4 29. Qf3 Bb4 30. Re2 Qe6 31. Rec2 c5 32. Bxb5 Red8 33. dxc5 Bxc5 34. Bd3
Qb6 35. Re1 Bb4 36. Rd1 Rxc2 37. Bxc2 Bd2 38. Nc4 dxc4 39. Qxe4 Bxe3+ 40. Kf1
Rxd1+ 41. Bxd1 Bd2 42. Qe8+ Kh7 43. Bc2+ g6 44. Qxf7+ Kh6 45. Qf8+ Kh7 46. Qe7+
Kg8 47. Qe8+ Kg7 48. Qd7+ 1-0

[Event "World Rapid 2025"]
[Site "Doha QAT"]
[Date "2025.12.28"]
[Round "11.65"]
[White "Gharibyan, Mamikon"]
[Black "Chanda, Sandipan"]
[Result "0-1"]
[WhiteTitle "GM"]
[BlackTitle "GM"]
[WhiteElo "2491"]
[BlackElo "2490"]
[WhiteFideId "13308300"]
[BlackFideId "5004225"]
[EventDate "2025.12.26"]

1. d4 e6 2. c4 f5 3. a3 Nf6 4. Nc3 g6 5. h4 Bg7 6. Nh3 d6 7. g3 e5 8. Bg2 O-O 9.
O-O c6 10. d5 c5 11. b4 Na6 12. Ng5 e4 13. Rb1 Ng4 14. Nb5 Qe7 15. f3 Ne5 16.
Qb3 h6 17. Nh3 Bd7 18. Nf4 exf3 19. exf3 Bxb5 20. cxb5 c4 21. Qc2 Nc7 22. a4 g5
23. hxg5 hxg5 24. Nh5 Bh8 25. f4 Ng4 26. Qxc4 Qh7 27. Bh3 Qxh5 28. Kg2 Rac8 29.
Qd3 Nh2 30. Rh1 g4 31. Rxh2 gxh3+ 32. Rxh3 Qf7 33. Be3 Qxd5+ 34. Qxd5+ Nxd5 35.
Bxa7 Ra8 36. b6 Bc3 37. Kf3 Bxb4 38. a5 Bc5 39. Rh5 Kg7 40. a6 bxa6 41. b7 Rxa7
42. b8=Q Rxb8 43. Rxb8 Ne7 44. g4 fxg4+ 45. Kxg4 a5 46. Rbh8 a4 47. Kg5 Ng8 48.
Rh3 Rf7 49. f5 a3 50. R8h7+ Kf8 51. Rxf7+ Kxf7 52. Rh7+ Kf8 53. Rb7 Bd4 54. Rb8+
Kf7 55. Ra8 Bb2 56. Ra7+ Ne7 57. Ra6 Bc1+ 58. Kg4 Nc8 59. Kf3 d5 60. Rc6 Bb2 61.
Ra6 Nd6 62. Kf4 d4 63. f6 Nb5 64. Kf5 d3 65. Rb6 Nd4+ 66. Ke5 Nc6+ 67. Kf5 d2
68. Rb7+ Kf8 69. Rd7 Bd4 70. Rh7 d1=Q 71. Rh8+ Kf7 72. Rh7+ Kg8 0-1

[Event "World Rapid 2025"]
[Site "Doha QAT"]
[Date "2025.12.28"]
[Round "11.66"]
[White "Petrov, Nikita"]
[Black "Suyarov, Mukhammadzokhid"]
[Result "1-0"]
[WhiteTitle "GM"]
[BlackTitle "IM"]
[WhiteElo "2578"]
[BlackElo "2454"]
[WhiteFideId "4101286"]
[BlackFideId "14210495"]
[EventDate "2025.12.26"]

1. d4 d5 2. c4 c6 3. cxd5 cxd5 4. Bf4 Nc6 5. e3 Nf6 6. Bb5 Bd7 7. Nc3 e6 8. Nf3
Be7 9. h3 O-O 10. O-O Rc8 11. Rc1 a6 12. Bd3 b5 13. Qe2 Qb6 14. Ne5 Nxe5 15.
dxe5 Ne8 16. Qg4 f5 17. exf6 Nxf6 18. Qh4 Bd6 19. Bxd6 Qxd6 20. Rcd1 Qe5 21.
Rfe1 h6 22. e4 d4 23. Ne2 Nh5 24. Bb1 Be8 25. Nxd4 g5 26. Qg4 Nf4 27. Qg3 Bh5
28. f3 Rc4 29. Qf2 Ng6 30. a3 Nh4 31. Rf1 Rf6 32. Ba2 Rc7 33. Kh1 Bf7 34. Rc1
Rd7 35. Rfd1 Ng6 36. Nc6 Rxd1+ 37. Rxd1 Qf4 38. Nd8 Qe5 39. Qd4 Kf8 40. Nxf7
Kxf7 41. Qa7+ Kg8 42. Rd8+ Rf8 43. Qd7 Nf4 44. g3 Qxb2 45. Bxe6+ Nxe6 46. Qxe6+
Kg7 47. Rd7+ Kh8 48. Qxh6+ 1-0

[Event "World Rapid 2025"]
[Site "Doha QAT"]
[Date "2025.12.28"]
[Round "11.67"]
[White "Puranik, Abhimanyu"]
[Black "Nikitenko, Mihail"]
[Result "1-0"]
[WhiteTitle "GM"]
[BlackTitle "GM"]
[WhiteElo "2622"]
[BlackElo "2476"]
[WhiteFideId "5061245"]
[BlackFideId "13506862"]
[EventDate "2025.12.26"]

1. Nf3 c5 2. g3 g6 3. Bg2 Bg7 4. c4 Nc6 5. Nc3 d6 6. O-O Be6 7. d3 Qc8 8. Rb1
Bh3 9. Bxh3 Qxh3 10. Nd5 Rc8 11. b4 cxb4 12. a3 Nf6 13. Nf4 Qd7 14. axb4 Ne5 15.
Bb2 Nxf3+ 16. exf3 b5 17. Qe2 e5 18. Ng2 O-O 19. Ne3 Rfe8 20. Ra1 d5 21. c5 d4
22. Nc2 Re6 23. Rfe1 a6 24. Bc1 Rce8 25. Ra3 Qd5 26. Bd2 Qb7 27. Rea1 Nd5 28.
Qd1 f5 29. Ne1 Nc7 30. Ng2 h5 31. h4 Kh7 32. R1a2 Nd5 33. Ra1 Nc3 34. Bxc3 dxc3
35. Rxc3 e4 36. d4 exf3 37. Qxf3 Qxf3 38. Rxf3 Bxd4 39. Rd1 Re4 40. Ra3 R8e6 41.
Nf4 Rc6 42. Kg2 Bg7 43. Rd6 Rxd6 44. cxd6 Rxb4 45. Ne6 Bf6 46. d7 Ra4 47. Rd3
Rc4 48. d8=Q Bxd8 49. Rxd8 Rc6 50. Rd7+ Kg8 51. Nd4 Rb6 52. Kf3 b4 53. Nb3 Rc6
54. Kf4 Rc3 55. Nd4 a5 56. Kg5 a4 57. Kxg6 Rc8 58. Nxf5 Rc6+ 59. Nd6 Kf8 60. Kf6
Kg8 61. Kg6 Kf8 62. Kh7 1-0

[Event "World Rapid 2025"]
[Site "Doha QAT"]
[Date "2025.12.28"]
[Round "11.68"]
[White "Ansat, Aldiyar"]
[Black "Warmerdam, Max"]
[Result "1-0"]
[WhiteTitle "IM"]
[BlackTitle "GM"]
[WhiteElo "2479"]
[BlackElo "2573"]
[WhiteFideId "13715658"]
[BlackFideId "1048104"]
[EventDate "2025.12.26"]

1. e4 c5 2. Nf3 d6 3. d4 cxd4 4. Nxd4 Nf6 5. Bd3 Nc6 6. Be3 g6 7. h3 Bg7 8. c4
O-O 9. Nc3 Nd7 10. Be2 Nc5 11. O-O Bd7 12. Re1 Nxd4 13. Bxd4 Bxd4 14. Qxd4 a5
15. e5 Bc6 16. Rad1 Qb6 17. exd6 exd6 18. b3 Rad8 19. Bf3 Qc7 20. Nd5 Bxd5 21.
Bxd5 Rd7 22. Re3 Re7 23. Rde1 Rfe8 24. h4 h5 25. Qf6 1-0

[Event "World Rapid 2025"]
[Site "Doha QAT"]
[Date "2025.12.28"]
[Round "11.85"]
[White "Makhnev, Denis"]
[Black "Mamedov, Edgar"]
[Result "1-0"]
[WhiteTitle "GM"]
[BlackTitle "GM"]
[WhiteElo "2532"]
[BlackElo "2492"]
[WhiteFideId "13707647"]
[BlackFideId "13739980"]
[EventDate "2025.12.26"]

1. d4 d5 2. Nf3 Nf6 3. c4 e6 4. g3 Be7 5. Bg2 O-O 6. O-O c6 7. Qc2 b6 8. Nbd2 c5
9. dxc5 bxc5 10. b3 Bb7 11. cxd5 exd5 12. Bb2 Nbd7 13. Rfd1 Qb6 14. Rac1 a5 15.
Ne5 Rfd8 16. e3 Nf8 17. Nd3 Rac8 18. Nf4 Ng6 19. Qf5 Nxf4 20. Qxf4 a4 21. Be5
axb3 22. axb3 Qe6 23. Bb2 h6 24. Qe5 Bd6 25. Qxe6 fxe6 26. Nc4 Bf8 27. Ne5 Ba8
28. Bh3 Re8 29. Ra1 Rb8 30. Ra6 Rxb3 31. Ba1 d4 32. Rxa8 Rxa8 33. Bxe6+ Kh7 34.
Bxb3 dxe3 35. fxe3 Ra3 36. Bc2+ Kg8 37. Nc4 Ra6 38. Bxf6 gxf6 39. Bf5 h5 40. h4
Ra4 41. Rd7 Bh6 42. Kf2 Kf8 43. Be6 1-0

[Event "World Rapid 2025"]
[Site "Doha QAT"]
[Date "2025.12.28"]
[Round "11.86"]
[White "Goutham Krishna H"]
[Black "Pantsulaia, Levan"]
[Result "1-0"]
[WhiteTitle "IM"]
[BlackTitle "GM"]
[WhiteElo "2433"]
[BlackElo "2472"]
[WhiteFideId "25983504"]
[BlackFideId "13602071"]
[EventDate "2025.12.26"]

1. b3 d5 2. Bb2 Bg4 3. h3 Bh5 4. g3 Nc6 5. d4 e6 6. Bg2 Nf6 7. Nf3 Bb4+ 8. c3
Be7 9. O-O Nb8 10. Nbd2 O-O 11. c4 c6 12. g4 Bg6 13. Ne5 Nbd7 14. Nxg6 hxg6 15.
e3 a5 16. a3 b5 17. Qc2 Qb8 18. c5 e5 19. b4 e4 20. Bc3 a4 21. f3 exf3 22. Rxf3
Qc7 23. Raf1 Rae8 24. Qd3 Ne4 25. Nxe4 dxe4 26. Qxe4 Bxc5 27. Qd3 Ba7 28. g5 Nb6
29. Be1 Nc4 30. h4 Qd8 31. Bf2 Ne5 32. Qc3 Nxf3+ 33. Bxf3 Re6 34. Bxc6 Qc7 35.
Rc1 Rc8 36. d5 Re4 37. Qd3 Qe5 38. Rc3 Rd8 39. Kf1 Kh7 40. Ke2 f5 41. gxf6 gxf6
42. Kd2 f5 43. Qxb5 Qh2 44. Ke1 Bd4 45. Rd3 Bf6 46. h5 Qh1+ 47. Kd2 Qxh5 48. d6
Qh2 49. Ke1 Qh5 50. Kd2 Bh4 51. Bxh4 Rxh4 52. Qb7+ Kh6 53. Qe7 Rh2+ 54. Kc3 1-0

[Event "World Rapid 2025"]
[Site "Doha QAT"]
[Date "2025.12.28"]
[Round "11.87"]
[White "Piliposyan, Robert"]
[Black "Urkedal, Frode Olav Olsen"]
[Result "1/2-1/2"]
[WhiteTitle "IM"]
[BlackTitle "GM"]
[WhiteElo "2442"]
[BlackElo "2568"]
[WhiteFideId "13309978"]
[BlackFideId "1506102"]
[EventDate "2025.12.26"]

1. d4 Nf6 2. c4 e6 3. Nf3 d5 4. Nc3 c6 5. Bg5 h6 6. Bxf6 Qxf6 7. e3 Nd7 8. Be2
Bd6 9. O-O Qe7 10. e4 dxe4 11. Nxe4 Bc7 12. Re1 O-O 13. c5 Rd8 14. Qc2 b6 15. b4
Bb7 16. Bd3 a5 17. a3 axb4 18. axb4 Nf6 19. Nxf6+ Qxf6 20. Bh7+ Kh8 21. Be4 b5
22. g3 g6 23. Qb2 Kg7 24. Rxa8 Rxa8 25. Ra1 Rxa1+ 26. Qxa1 Bb8 27. h4 Kg8 28.
Ne5 Bxe5 29. dxe5 Qd8 30. Qa7 Qc7 31. Bg2 Kg7 32. f4 g5 33. hxg5 hxg5 34. Kf2
Qd7 35. Ke3 Qd1 36. Qxb7 Qe1+ 37. Kf3 Qd1+ 38. Kf2 Qd4+ 39. Ke2 Qc4+ 40. Kf3
Qd3+ 41. Kf2 Qd4+ 42. Ke2 Qc4+ 43. Ke3 Qc3+ 44. Kf2 Qd4+ 45. Ke1 Qg1+ 46. Bf1
Qxg3+ 47. Ke2 Qg4+ 48. Ke1 Qg3+ 49. Ke2 gxf4 50. Qxc6 Qe3+ 51. Kd1 Qb3+ 52. Ke2
Qe3+ 53. Kd1 Qb3+ 54. Ke1 Qc3+ 55. Kd1 Qb3+ 56. Ke1 Qc3+ 57. Kd1 1/2-1/2

[Event "World Rapid 2025"]
[Site "Doha QAT"]
[Date "2025.12.28"]
[Round "11.88"]
[White "Adhiban, Baskaran"]
[Black "Zverev, Lev"]
[Result "0-1"]
[WhiteTitle "GM"]
[BlackTitle "IM"]
[WhiteElo "2557"]
[BlackElo "2453"]
[WhiteFideId "5018471"]
[BlackFideId "24250775"]
[EventDate "2025.12.26"]

1. d4 Nf6 2. Nf3 d5 3. c4 e6 4. g3 Bb4+ 5. Nc3 dxc4 6. Bg2 O-O 7. O-O Nc6 8. Re1
Nd5 9. Bd2 Nb6 10. a3 Ba5 11. e3 e5 12. Nxe5 Nxe5 13. dxe5 Nd7 14. e6 fxe6 15.
Qh5 Rf5 16. Qe2 Ne5 17. Ne4 Bxd2 18. Nxd2 Bd7 19. Nxc4 Bb5 20. b3 Qd3 21. Qxd3
Nxd3 22. Re2 Nc5 23. Rb2 Rd8 24. b4 Nd3 25. Rc2 Rxf2 26. Rxf2 Nxf2 27. Kxf2 Bxc4
28. Bxb7 Rd2+ 29. Kg1 Bd3 30. Rc1 Bc2 31. Rf1 Re2 32. Rf3 g5 33. Ba6 Re1+ 34.
Kf2 Rh1 35. Bc4 Rxh2+ 36. Kg1 Rh6 37. Rf2 Be4 38. Rh2 Rf6 39. Rd2 Rf3 40. Bxe6+
Kg7 41. Kh2 Rxe3 42. Bd5 Rd3 43. Rxd3 Bxd3 44. Kg2 Kf6 45. Kf3 Ke5 46. Bg8 h5
47. Ke3 Be4 48. Bc4 h4 49. gxh4 gxh4 50. Bf1 Bf5 51. Kf3 Bd7 52. Ke3 h3 53. Kf2
h2 54. Bg2 Be6 55. Kg3 Bd5 56. Kxh2 Bxg2 57. Kxg2 Kd4 58. Kf3 Kc4 59. Ke4 Kb3
60. Kd4 Kxa3 61. Kc3 a6 62. Kc4 Kb2 63. Kd4 Kb3 64. Kc5 Kc3 65. b5 a5 66. Kc6
Kb4 0-1

[Event "World Rapid 2025"]
[Site "Doha QAT"]
[Date "2025.12.28"]
[Round "11.89"]
[White "Sankalp, Gupta"]
[Black "Svane, Rasmus"]
[Result "1/2-1/2"]
[WhiteTitle "GM"]
[BlackTitle "GM"]
[WhiteElo "2557"]
[BlackElo "2608"]
[WhiteFideId "5097010"]
[BlackFideId "4657101"]
[EventDate "2025.12.26"]

1. Nf3 d5 2. e3 Nf6 3. c4 e6 4. Nc3 Bd6 5. b3 c5 6. cxd5 exd5 7. d4 cxd4 8. Nxd4
O-O 9. Be2 Nc6 10. Bb2 Re8 11. O-O Nxd4 12. Qxd4 Be5 13. Qd3 Be6 14. Na4 Bxb2
15. Nxb2 Qa5 16. a3 Rac8 17. b4 Qc7 18. Qd4 Qc3 19. Qxc3 Rxc3 20. Na4 Rc2 21.
Bd3 Rc7 22. Rfd1 b6 23. h3 Kf8 24. Kf1 Rd8 25. Rdc1 Rdc8 26. Rxc7 Rxc7 27. Ke2
Ne4 28. f3 Nc3+ 29. Nxc3 Rxc3 30. Kd2 Rc7 31. h4 h6 32. Rc1 Rxc1 33. Kxc1 Ke7
34. Kd2 Kd6 35. Kc3 g5 36. g3 a5 37. bxa5 bxa5 38. Kd4 f6 39. Bc2 Bd7 40. Bb3
Bc6 41. Ba2 Bb7 42. f4 gxh4 43. gxh4 Bc6 44. Bb1 Bb7 45. Bd3 Bc6 46. Ba6 Ba8 47.
Bb5 Bb7 48. Ba4 Ba8 49. Bc2 Bc6 50. Bg6 Bb7 51. Bh7 1/2-1/2

[Event "World Rapid 2025"]
[Site "Doha QAT"]
[Date "2025.12.28"]
[Round "11.90"]
[White "Ganguly, Surya Shekhar"]
[Black "Haug, Havard"]
[Result "1/2-1/2"]
[WhiteTitle "GM"]
[BlackTitle "FM"]
[WhiteElo "2568"]
[BlackElo "2416"]
[WhiteFideId "5002150"]
[BlackFideId "1547887"]
[EventDate "2025.12.26"]

1. e4 c6 2. Nf3 d5 3. d3 dxe4 4. dxe4 Qxd1+ 5. Kxd1 f6 6. a4 a5 7. e5 Bg4 8. Nd2
Nd7 9. h3 Bh5 10. g4 Bf7 11. Bc4 Bxc4 12. Nxc4 fxe5 13. Nfxe5 Nxe5 14. Nxe5 Nf6
15. Ke2 e6 16. Rd1 Bc5 17. c4 O-O 18. f3 Rfd8 19. Be3 Bxe3 20. Kxe3 Kf8 21. h4
Ke7 22. h5 Nd7 23. Nxd7 Rxd7 24. Rxd7+ Kxd7 25. Rd1+ Ke7 26. Rd3 Rc8 27. Ke4 b5
28. axb5 cxb5 29. cxb5 Rc4+ 30. Rd4 Rc5 31. Kd3 Rxb5 32. Kc3 Kf6 33. Rd7 a4 34.
f4 h6 35. Rd4 Rb3+ 36. Kc2 Rg3 37. Rxa4 Rxg4 38. Kc3 Rh4 39. Ra5 Rxf4 40. b4 Rf1
41. Ra2 Rb1 42. Rg2 Ke5 43. Rxg7 Rh1 44. b5 Rxh5 45. Rd7 Rh1 46. b6 Rb1 47. b7
h5 48. Kc4 h4 49. Kc5 h3 50. Kc6 Kf4 51. Rh7 Kg3 52. Rg7+ Kf3 53. Rf7+ Kg3 54.
Rg7+ Kf3 1/2-1/2

[Event "World Rapid 2025"]
[Site "Doha QAT"]
[Date "2025.12.28"]
[Round "11.91"]
[White "Maksimovic, Bojan"]
[Black "Klukin, Kirill"]
[Result "1/2-1/2"]
[WhiteTitle "GM"]
[BlackTitle "IM"]
[WhiteElo "2533"]
[BlackElo "2414"]
[WhiteFideId "14408120"]
[BlackFideId "24199273"]
[EventDate "2025.12.26"]

1. c4 e6 2. g3 d5 3. Bg2 Nf6 4. Nf3 dxc4 5. Qa4+ Nbd7 6. Qxc4 a6 7. Qc2 c5 8.
Nc3 Qc7 9. O-O b5 10. a4 b4 11. Nd1 Bb7 12. b3 Be7 13. Bb2 O-O 14. Ne3 Rac8 15.
Nc4 Nd5 16. Rac1 Bf6 17. Rfd1 Rfd8 18. Bxf6 N5xf6 19. Qb2 Bd5 20. Nfe5 Nxe5 21.
Nxe5 Bxb3 22. Nxf7 Bxd1 23. Nxd8 Bxe2 24. Nxe6 Qd6 25. Nf4 Bg4 26. Rc4 Rd8 27.
h3 Qxd2 28. Rc2 Qe1+ 29. Kh2 Bd1 30. Rxc5 b3 31. Nd5 Qe6 32. Rc6 Rd6 33. Rc8+
Kf7 34. Rc7+ Rd7 35. Nf4 Qd6 36. Rc3 g5 37. Rd3 gxf4 38. Rxd6 fxg3+ 39. Kxg3
Rxd6 40. Qe5 Rd3+ 41. Kh2 Bc2 42. Bf1 Rd2 43. Bc4+ Kg6 44. Qg3+ Kf5 45. Qf3+ Kg6
46. Qg3+ Kf5 47. Qf3+ Kg6 48. Bxb3 Bxb3 49. Qxb3 Rxf2+ 50. Kg1 Rf5 51. Qd3 a5
52. h4 h5 53. Kg2 Ng4 54. Kg3 Nf6 55. Qd6 Kg7 1/2-1/2

[Event "World Rapid 2025"]
[Site "Doha QAT"]
[Date "2025.12.28"]
[Round "11.92"]
[White "Naiditsch, Arkadij"]
[Black "Khubukshanov, Erdem"]
[Result "0-1"]
[WhiteTitle "GM"]
[BlackTitle "IM"]
[WhiteElo "2574"]
[BlackElo "2502"]
[WhiteFideId "4650891"]
[BlackFideId "54114527"]
[EventDate "2025.12.26"]

1. e4 e5 2. Nf3 Nc6 3. Nc3 Nf6 4. Bb5 Bd6 5. d3 h6 6. a3 a6 7. Bc4 Bc5 8. b4 Ba7
9. Be3 Bxe3 10. fxe3 d6 11. O-O Be6 12. Nd5 Bxd5 13. exd5 Ne7 14. Nh4 Qd7 15. e4
Qg4 16. Qe1 O-O 17. h3 Qg5 18. Kh2 Nh7 19. Nf3 Qg6 20. Rd1 Kh8 21. g4 f6 22. Nh4
Qe8 23. Bb3 c6 24. dxc6 bxc6 25. Qe3 Ng5 26. Nf5 Rd8 27. h4 Nh7 28. Rd2 d5 29.
Rg2 Ng6 30. Qa7 Rf7 31. Qxa6 Nf4 32. Rgf2 Rc7 33. Qb6 Rcc8 34. Qe3 Nf8 35. d4
dxe4 36. dxe5 fxe5 37. Qxe4 Nh7 38. Qf3 Nf6 39. g5 hxg5 40. hxg5 N6h5 41. Qg4
Rc7 42. Re1 g6 43. Nh4 Kg7 44. a4 Rd4 45. Nf3 Qh8 46. Kg1 Ne2+ 0-1